La vida prodigiosa de Honorato de Balzac
Kaydedildi:
| Yazar: | |
|---|---|
| Materyal Türü: | Kitap |
| Dil: | İspanyolca |
| Baskı/Yayın Bilgisi: |
Santiago
Ediciones Ercilla
1957
|
| Edisyon: | 1a. ed |
| Konular: | |
| Etiketler: |
Etiketle
Etiket eklenmemiş, İlk siz ekleyin!
|
MARC
| LEADER | 00000cam a2200000 a 4500 | ||
|---|---|---|---|
| 001 | UCE3098 | ||
| 003 | CL-VaPUC | ||
| 008 | 140814e19570000cl |||||||||||||||||spa|d | ||
| 082 | 0 | 4 | |a 920.044 |b BEN |2 21 |
| 100 | 0 | |a Benjamin, René |e author |9 575607 | |
| 245 | 1 | 3 | |a La vida prodigiosa de Honorato de Balzac |
| 250 | |a 1a. ed | ||
| 300 | |a 197 p | ||
| 942 | |c BK | ||
| 945 | |d 20140814 14:58:00 |a arojas | ||
| 260 | |a Santiago |b Ediciones Ercilla |c 1957 | ||
| 600 | 0 | |a Balzac, Honoré de |9 265437 | |
| 650 | 0 | |a Escritores franceses |9 555467 | |
| 650 | 0 | |a Biografías |9 255210 | |
| 651 | 0 | |a Francia |9 255157 | |
| 583 | |a last modification |c 20140814 14:58:00 |k Rodrigo Vera | ||
| 999 | |c 356547 |d 356545 | ||
| 952 | |0 0 |1 0 |3 erb |4 0 |6 920_044000000000000_BEN_1957 |7 0 |8 X |9 463994 |a FDOBUD |b FDOBUD |i 4998677 |o 920.044 BEN 1957 |p 4998677 |r 2019-11-23 |w 2019-11-23 |y BK_X |z Catalogado en:20140814 |k BUD | ||